Finančné trhy a reálna ekonomika - aký vývoj nás čaká?
Pokles ekonomickej aktivity a útlm finančných trhov. Nezamestnanosť a zníženie spotreby domácností. Nástroje centrálnych bánk. Pokles volatility a dôvera investorov. Dlhy ekonomík a obmedzenia vládnych investícií. Odhad vývoja rastu HDP. Vývoj indexov a cien akcií.
Saved in:
| Main Author: | |
|---|---|
| Other Authors: | |
| Format: | Book Chapter |
| Language: | Slovak |
| Subjects: | |
| Tags: |
No Tags, Be the first to tag this record!
|
MARC
| LEADER | 00000naa$a2200000$$$4500 | ||
|---|---|---|---|
| 001 | 0111732 | ||
| 005 | 20220725111356.6 | ||
| 041 | 0 | |a slo | |
| 044 | |a SK | ||
| 245 | 1 | 0 | |a Finančné trhy a reálna ekonomika - aký vývoj nás čaká? |c Josef Novotný, Martin Vrablec |
| 520 | |a Pokles ekonomickej aktivity a útlm finančných trhov. Nezamestnanosť a zníženie spotreby domácností. Nástroje centrálnych bánk. Pokles volatility a dôvera investorov. Dlhy ekonomík a obmedzenia vládnych investícií. Odhad vývoja rastu HDP. Vývoj indexov a cien akcií. | ||
| 610 | 2 | 0 | |a trh finančný |
| 610 | 2 | 0 | |a bubliny finančné |
| 610 | 2 | 0 | |a nástroje investičné |
| 610 | 2 | 0 | |a banky centrálne |
| 610 | 2 | 0 | |a produkt domáci hrubý |
| 610 | 2 | 0 | |a dlhy štátne |
| 610 | 2 | 0 | |a nezamestnanosť |
| 610 | 2 | 0 | |a spotreba domácností |
| 610 | 2 | 0 | |a volatilita |
| 100 | 1 | |a Novotný, Josef | |
| 700 | 1 | |a Vrablec, Martin | |